Una didáctica para un profesor diferente. / (Registro nro. 5393)

Detalles MARC
000 -CABECERA
campo de control de longitud fija 01170nam a22002415a 4500
001 - NÚMERO DE CONTROL
campo de control Rebiun14757825
003 - IDENTIFICADOR DEL NÚMERO DE CONTROL
campo de control AR-RoIUNI
005 - FECHA Y HORA DE LA ÚLTIMA TRANSACCIÓN
campo de control 20251120121223.0
007 - CAMPO FIJO DE DESCRIPCIÓN FÍSICA--INFORMACIÓN GENERAL
campo de control de longitud fija ta
008 - DATOS DE LONGITUD FIJA--INFORMACIÓN GENERAL
campo de control de longitud fija 080512s2007 ag ad fr 1 spa d
020 ## - NÚMERO INTERNACIONAL ESTÁNDAR DEL LIBRO
Número Internacional Estándar del Libro 9789870007302
040 ## - FUENTE DE LA CATALOGACIÓN
Centro catalogador/agencia de origen UM
Centro/agencia transcriptor AR-RoIUNI
080 ## - NÚMERO DE LA CLASIFICACIÓN DECIMAL UNIVERSAL
Número de la Clasificación Decimal Universal 37.02 (075.8) MED
100 1# - ENTRADA PRINCIPAL--NOMBRE DE PERSONA
Nombre de persona Medaura, Julia Olga
245 14 - MENCIÓN DE TÍTULO
Título Una didáctica para un profesor diferente. /
Mención de responsabilidad, etc. Julia Olga Medaura
250 ## - MENCIÓN DE EDICIÓN
Mención de edición 2a. ed.
260 ## - PUBLICACIÓN, DISTRIBUCIÓN, ETC. (PIE DE IMPRENTA)
Lugar de publicación, distribución, etc. Buenos Aires:
Nombre del editor, distribuidor, etc. Lumen,
Fecha de publicación, distribución, etc. 1994
300 ## - DESCRIPCIÓN FÍSICA
Extensión 195 p. :
Otras características físicas il. ;
Dimensiones 22 cm.
520 ## - SUMARIO, ETC.
Sumario, etc. Una propuesta novedosa para encarar la tarea docente en el aula, que estimula más las conductas afectivas que las racionales. Una didáctica destinada a los que ejercen la docencia, pero también a los que enseñan en otros ámbitos sociales. Un libro fresco, dinámico, ameno, esencialmente práctico, que cualquiera puede leer y aplicar. Una didáctica diferente que no enfatiza los métodos y las técnicas, sino la reflexión que debe acompañar todo el proceso educativo y que puede ayudar al docente a modificar su actitud ante los alumnos.
650 10 - PUNTO DE ACCESO ADICIONAL DE MATERIA--TÉRMINO DE MATERIA
9 (RLIN) 489
Término de materia o nombre geográfico como elemento inicial Educación Superior
650 10 - PUNTO DE ACCESO ADICIONAL DE MATERIA--TÉRMINO DE MATERIA
Término de materia o nombre geográfico como elemento inicial Didáctica
942 ## - ELEMENTOS DE PUNTO DE ACCESO ADICIONAL (KOHA)
Fuente del sistema de clasificación o colocación Clasificación Decimal Universal
Tipo de ítem Koha Libros
Existencias
Estado de retiro Estado de pérdida Fuente del sistema de clasificación o colocación Estado dañado Excepción de préstamo Código de colección Localización permanente Ubicación/localización actual Ubicación en estantería Fecha de adquisición Fuente de adquisición Número de inventario Total de préstamos Signatura topográfica completa Código de barras Fecha visto por última vez Precio válido a partir de Tipo de ítem Koha Nota pública
    Clasificación Decimal Universal     Humanistica BIBLIOTECA CRESPO BIBLIOTECA CRESPO BIBLIOTECA CRESPO 09/03/2022 Donación 7210   37.02 (075.8) MED 7210 09/03/2022 09/03/2022 Libros Donado por Dr. Juan Carlos Guida